ბათუმის შოთა რუსთაველის სახელმწიფო უნივერსიტეტის ბიბლიოთეკა

Геометрические построения на плоскости. (ბიბ.ჩანაწერი № 38703)

000 -LEADER
fixed length control field 00618nam a2200193Ia 4500
001 - CONTROL NUMBER
control field 4967
003 - CONTROL NUMBER IDENTIFIER
control field GE_BSU
008 - FIXED-LENGTH DATA ELEMENTS--GENERAL INFORMATION
fixed length control field 181216s||||||||xx |||||||||||||| ||und||
040 ## - CATALOGING SOURCE
Transcribing agency GE_BSU
080 ## - UNIVERSAL DECIMAL CLASSIFICATION NUMBER
Universal Decimal Classification number 514.11(075.8)
100 ## - MAIN ENTRY--PERSONAL NAME
Personal name Аргунов Б.И. Балк М.Б.
245 ## - TITLE STATEMENT
Title Геометрические построения на плоскости.
245 ## - TITLE STATEMENT
Remainder of title пособие для студ. педагог. ин-тов. Изд. 2-ОЕ
260 ## - PUBLICATION, DISTRIBUTION, ETC.
Place of publication, distribution, etc. Москва
260 ## - PUBLICATION, DISTRIBUTION, ETC.
Date of publication, distribution, etc. 1957
300 ## - PHYSICAL DESCRIPTION
Extent 265 с.
653 ## - INDEX TERM--UNCONTROLLED
Uncontrolled term Геометрические построения на плоскости.
942 ## - ADDED ENTRY ELEMENTS (KOHA)
Koha item type წიგნი

არაა ხელმისაწვდომი ეგზემპლარები.